Dokazovanie vo vyrubovacom konaní podľa daňového poriadku
Právna úprava vyrubovacieho konania ako daňového konania je obsiahnutá v zákone č. 563/2009 Z. z. o správe daní a o zmene a doplnení niektorých zákonov v z. n. p. v ustanoveniach: § 2 písm. c)– daňové konanie, v ktorom sa rozhoduje o právach a povinnostiach daňového subjektu § 68 – vyrubovacie kon...
Saved in:
| Main Author: | |
|---|---|
| Format: | Book Chapter |
| Language: | Slovak |
| Subjects: | |
| Tags: |
No Tags, Be the first to tag this record!
|
MARC
| LEADER | 00000naa a2200000 4500 | ||
|---|---|---|---|
| 001 | 0236720 | ||
| 005 | 20250721122336.3 | ||
| 041 | 0 | |a slo | |
| 044 | |a SK | ||
| 245 | 1 | 0 | |a Dokazovanie vo vyrubovacom konaní podľa daňového poriadku |c Božena Jurčíková |
| 520 | |a Právna úprava vyrubovacieho konania ako daňového konania je obsiahnutá v zákone č. 563/2009 Z. z. o správe daní a o zmene a doplnení niektorých zákonov v z. n. p. v ustanoveniach: § 2 písm. c)– daňové konanie, v ktorom sa rozhoduje o právach a povinnostiach daňového subjektu § 68 – vyrubovacie konanie, súčasťou ktorého je aj dokazovanie, v ktorom sa ustanovuje, kedy vyrubovacie konanie začína, kedy končí a upravuje aj prípady, keď vyrubovacie konanie nezačne. Ilustračné príklady. | ||
| 610 | 2 | 0 | |a správa daňová |
| 610 | 2 | 0 | |a zákony |
| 610 | 2 | 0 | |a Slovensko |
| 610 | 2 | 0 | |a poriadok daňový |
| 610 | 2 | 0 | |a konanie daňové |
| 610 | 2 | 0 | |a dokazovanie |
| 100 | 1 | |a Jurčíková, Božena | |